| 000 | 01495nam a22002657a 4500 | ||
|---|---|---|---|
| 999 |
_c61898 _d61898 |
||
| 003 | Ge_BSU | ||
| 005 | 20240604172905.0 | ||
| 008 | 240604s2020 ge ||||| |||| 00| 0 geo d | ||
| 020 | _a9789941827143 | ||
| 041 | _ageo | ||
| 080 | _a794.1(075) მ-54 | ||
| 100 |
_aმელია, სალომე _922327 |
||
| 245 |
_aჭადრაკი ყველასთვის : სახელმძღვანელო / _cსალომე მელია, დავით ჯოჯუა; რედაქტორები: აკაკი იაშვილი, ვაჟა დანელია, გია ბეგიაშვილი; დიზაინერი ლევან კასრაძე. |
||
| 264 |
_aთბილისი, _b"ტიფლოპოლიგრაფია" _c2020. |
||
| 300 |
_a64 გვ. ; _b 29 სმ. |
||
| 500 | _aბრაილის შრიფტით ნაწერი წიგნი | ||
| 653 | _a ჭადრაკი | ||
| 700 |
_aჯოჯუა, დავით _eავტორი _922328 |
||
| 700 |
_aიაშვილი, აკაკი _eრედაქტორი _922329 |
||
| 700 |
_aდანელია, ვაჟა _eრედაქტორი _922330 |
||
| 700 |
_aბეგიაშვილი, გია _eრედაქტორი _922331 |
||
| 700 |
_aკასრაძე, ლევან _eდიზაინერი _922332 |
||
| 773 | _tნაჩუქარი | ||
| 942 |
_2udc _cᲬᲘᲒᲜᲘ |
||